00489 a2200181 4500001000700000020001800007040001100025100002000036240003400056245002900090300000700119362000900126440001200135697003100147942000700178952010300185999001900288184606 a85-08-00144-4 cMagnum aPorto, Cristina10aSe... será, serafina ?lpor10aSe... será, serafina ? a640 a1985 1aÁtica aLITERATURA INFANTO-JUVENIL cBK 00104070a32.5b32.5d2024-06-08l0o869.2.205pMAG00044432r2024-06-08 21:02:43w2024-06-08yBK c184606d184606